00781naa#a2200193#i#4500001001600000005001700016011001400033100004100047102000700088200012900095210011000224215001000334608002700344675012900371700001900500700001900519700001900538856003000557EN\\bibl\11875920260514203944.4##a1994-4683##a20230428b2023####ek#y0engy0150####ca##aRU1#aINFORMATIVE BASICS OF STRENGTH TRAINING WITH ELEMENTS OF MYOFASCIAL RELEASE WITH WOMEN AGED 36-40 YEARS OLDeJournal article1#aMoscowcNational State University of Physical Education, Sports and Health named after P.F. Lesgaftd2023##a3 с.##aJournal article2local##aСпортивный отдых. Оздоровительный спорт. Компенсаторный спорт. 796.035#1aTrofimovagO S#1aZasypkinagS A#1aMazurenkogE A4#auchzapiski.lesgaft.spb.ru